000 00403nam a2200157 i 4500
001 72492
003 ES-MaACL
005 20230906171442.0
007 t|
008 040901s1927 fr ||||1| fre d
100 1 _aGirette, Mared.
_957257
245 1 0 _aPromenade conjugale /
_cMared Girette.
260 _aParis :
_b[Jouve et CÂș],
_c1922.
300 _a284 p. ;
_c19 cm.
852 _aES-MaACL
_jF-10035
999 _c72492
_d72492